000 00776nam a22002657a 4500
003 CHAP
005 20220329133924.0
008 971013s1977 r 00010 d
010 _a12739
011 _a13711
035 _a17783
040 _cCHAP
082 _a312
_bG6
245 _aGlosario de términos demográficos
260 _aLa Habana :
_bInstituto Cubano del Libro,
_c1977
300 _a118 p.
590 _aBATCH-UPD
_b10
_c20130110
_lUCH01
_h2258
590 _aBATCH-UPD
_b10
_c20130410
_lUCH01
_h1551
590 _aBATCH-UPD
_b10
_c20130914
_lUCH01
_h1140
590 _aCONVERSION
_b10
_c20130109
_lUCH01
_h1308
650 1 4 _aDemografía
_xDiccionarios.
_931746
901 _aBK
942 _cLIBRO
949 _a312 G6
_bBC
_cC
_d33724000481370
_eC
_h61405
_i17783
_mD
_si
999 _c12739
_d12739